| 000 | 00760nam a2200241Ia 4500 | ||
|---|---|---|---|
| 003 | GCL | ||
| 008 | 140319s9999 xx 000 0 ara d | ||
| 040 |
_aGCL / _cGCL |
||
| 082 | 0 | 4 |
_a341.8 _bس ت |
| 100 | 1 | _aسمير كامل | |
| 245 | 1 | 0 |
_aالتنازع بين قوانين ايجار الاماكن فى الزمان / _cسمير كامل |
| 260 |
_a[S.N] : _bلجنة الاعلام والدراسات المستقبلية ، _c1986 |
||
| 300 | _a580 ص | ||
| 490 | _a | ||
| 650 | 0 | 4 | _aالقانون |
| 650 | 0 | 4 | _aالسلطة القضائية |
| 650 | 0 | 4 | _aالايجار |
| 650 | 0 | 4 | _aعقود الايجار |
| 650 | 0 | 4 | _aتنازع القوانين |
| 650 | 0 | 4 | _aمحل الاقامة |
| 650 | 0 | 4 | _aالمواطنة |
| 942 |
_2ddc _cBK |
||
| 999 |
_c55539 _d55539 |
||